| 000 | 01424cam a2200277 4500 | ||
|---|---|---|---|
| 001 | ABS63706 | ||
| 008 | 000000n2001 000 0 eng u | ||
| 035 | _a(Sirsi) u111749 | ||
| 100 | _aBaber, F. | ||
| 245 | _aEurope's housing markets fall in line | ||
| 260 | _c2001 | ||
| 490 |
_aCSM (Chartered Surveyor Monthly) _vMarch 2001, 30(1) |
||
| 520 | _aThe RICS Review of European housing markets 2001 has been published. This provides a detailed evaluation and analysis of the European Union (EU) housing and finance systems. It also includes a special report on the growth of home ownership, and the role of the rental housing market. It provides country specific reports for most of the EU countries. The key finding was that the general slowdown in the European economy in 2000 resulted in a reduced pace of growth in the European housing market, in contrast with 1998 and 1999. The "Review of European Housing Markets 2001" is available from RICS Books, priced £15 +p&p. Tel: 020 7222 7000. Alternatively, for a copy of the research findings, email: [email protected]. | ||
| 590 | _aABS | ||
| 650 | _aRICS | ||
| 650 | _aEUROPE | ||
| 650 | _aHOUSING MARKET | ||
| 650 | _aHOME OWNERSHIP | ||
| 650 | _aRENTAL MARKET | ||
| 650 | _aFINANCE | ||
| 650 | _aTRENDS | ||
| 650 | _aEURO | ||
| 650 | _aEUROPEAN ECONOMY | ||
| 690 | _aPROPERTY-RESIDENTIAL PROPERTY-RESIDENTIAL PROPERTY MARKET | ||
| 942 | _n0 | ||
| 999 |
_c66582 _d66582 |
||